[Event "EU-chT (Men) 10th"]
[Site "Debrecen"]
[Date "1992.11.??"]
[Round "7.1"]
[White "Vaganian, Rafael A"]
[Black "Georgiev, Kiril"]
[Result "1/2-1/2"]
[WhiteElo "2590"]
[BlackElo "2605"]
[Annotator "Bulletin"]
[PlyCount "111"]
[EventDate "1992.11.20"]
[EventType "team-swiss"]
[EventRounds "9"]
[EventCountry "HUN"]
[SourceTitle "EU-chT"]
[Source "ChessBase"]
[SourceDate "1999.07.01"]
[SourceVersion "2"]
[SourceVersionDate "1999.07.01"]
[SourceQuality "1"]
[WhiteTeam "Armenia"]
[BlackTeam "Bulgaria"]
[WhiteTeamCountry "ARM"]
[BlackTeamCountry "BUL"]

1. Nf3 Nf6 2. c4 e6 3. g3 d5 4. Bg2 Be7 5. O-O O-O 6. Qc2 c5 7. d4 cxd4 8. Nxd4
Nc6 9. Nxc6 bxc6 10. Rd1 a5 11. Nc3 Ba6 12. b3 Qb6 $6 (12... Qc7) 13. Na4 Qb7
14. Bb2 Rfd8 15. Rab1 $1 $14 Rac8 (15... dxc4 16. bxc4 Rxd1+ 17. Rxd1 $14) 16.
Bc3 Qc7 17. Be1 (17. c5 $5 Nd7 18. Nb6 Bxc5 19. Nxc8 Rxc8 $44) (17. e3 $5 {
/\ Bf1}) 17... Bb4 18. e3 Qe7 19. Bc3 Nd7 (19... dxc4 $6 20. bxc4 Rxd1+ 21.
Rxd1 Bxc3 22. Qxc3 {/\} Qb4 $6 23. Qxb4 axb4 24. Nb6 $16) 20. Qb2 Rb8 (20...
dxc4 21. Bxg7 e5 22. Bh6 Qf6 23. Bh3 Qxh6 24. Bxd7 {/\ Qe5+/-}) 21. Bf1 (21.
Bxg7 $4 e5 22. Bh6 Qf6 $19) 21... Bb7 22. Qa1 Ra8 23. Rbc1 $1 {/\ Rc2-d2} g6 $6
24. Bg2 Ba6 25. Bb2 Rab8 (25... Bd6 $5) 26. Bf1 dxc4 $1 $8 27. Bxc4 Bb5 28. Bf1
$6 (28. Bxb5 $1 cxb5 29. Nc3 Nc5 (29... Nf6 30. Nxb5 $16) 30. Ne2 Ne4 31. Nd4
$1 $16) 28... e5 $1 29. Rc2 Qe6 30. Bg2 e4 31. Bf1 h5 $132 32. Bc4 Qf5 33. Bh8
$6 (33. a3 Be7 34. Rcd2 $14) 33... Bf8 34. Rcd2 $2 Bxc4 35. bxc4 Rb4 36. Nc5 $8
Qxc5 37. Rxd7 Rxd7 38. Rxd7 Rxc4 39. Qf6 $2 (39. Rd1 {/\ Qe5-/+}) 39... Qf5 $4
(39... Rc1+ 40. Kg2 Qc4 41. Kh3 Rh1 $1 42. Rd8 Qf1+ 43. Kh4 Rxh2+ 44. Kg5 Qb5+
45. Qe5 Rxf2 46. g4 (46. Kh4 Qxe5 47. Bxe5 f6 48. Bd6 Rh2#) 46... Qxe5+ 47.
Bxe5 f6+ 48. Bxf6 Kf7 $19) 40. Qxf5 (40. Rd8 $142 Rc1+ 41. Kg2 Qf3+ $10) 40...
gxf5 41. Rd8 Kxh8 (41... f6 $5 42. Bxf6 Kf7 {/\ Bb4, Rc2=/+}) 42. Rxf8+ Kg7 43.
Ra8 Ra4 $6 (43... a4 $15) 44. Rc8 Rc4 45. Ra8 Rc5 $6 46. Kf1 Rc1+ 47. Kg2 Rc5
48. a4 $1 $10 Kf6 49. Rh8 $1 Kg6 50. Ra8 Kg7 51. h4 f6 52. Ra7+ Kg6 53. f4 $1
exf3+ 54. Kxf3 Re5 55. Ra6 Rc5 56. Ra7 1/2-1/2

[Event "Bilbao Masters 9th"]
[Site "Bilbao"]
[Date "2016.07.21"]
[Round "8"]
[White "Wei, Yi"]
[Black "Nakamura, Hikaru"]
[Result "1/2-1/2"]
[WhiteElo "2696"]
[BlackElo "2787"]
[Annotator "CB"]
[PlyCount "90"]
[EventDate "2016.07.13"]
[EventType "tourn"]
[EventRounds "10"]
[EventCountry "ESP"]
[EventCategory "22"]
[SourceTitle "CBM 174"]
[Source "ChessBase"]
[SourceDate "2016.09.13"]
[SourceVersion "1"]
[SourceVersionDate "2016.09.13"]
[SourceQuality "1"]

1. d4 Nf6 2. c4 e6 3. g3 d5 4. Bg2 Be7 5. Nf3 O-O 6. Nc3 ({Nach} 6. O-O dxc4 7.
Ne5 Nc6 8. Bxc6 bxc6 9. Nxc6 Qe8 10. Nxe7+ Qxe7 11. Qa4 {ist in einer der
Hauptvarianten der Katalanischen Eröffnung eine ähnliche Stellung erreicht,
mit dem Unterschied, dass der Sb1 noch nicht gezogen hat. Nakamura hatte sie
erst kürzlich auf dem Brett:} e5 12. dxe5 Qxe5 13. Qxc4 Be6 14. Qd3 Rad8 15.
Qe3 Qh5 16. f3 Bc4 17. Nc3 Rfe8 18. g4 Qg6 19. Qf2 Nd5 20. Nxd5 Rxd5 21. Re1 h5
22. g5 f6 23. h4 Rde5 24. e4 f5 25. Bf4 R5e7 26. Rac1 Bxa2 27. Qxa7 Bf7 28.
Rxc7 Rxc7 29. Qxc7 fxe4 30. Rxe4 Rxe4 31. fxe4 Qxe4 32. Qe5 Qf3 33. Bg3 Bd5 34.
Qe8+ Kh7 35. g6+ Kh6 36. Qh8+ Kxg6 37. Qe8+ Kh7 {0-1 (37) Kramnik,V (2812)
-Nakamura,H (2787) Paris 2016}) 6... dxc4 ({Zur Geschlossenen Variante führt} 
6... c6 7. O-O Nbd7 8. b3 (8. Qd3)) 7. Ne5 Nc6 8. Bxc6 bxc6 9. Nxc6 Qe8 10.
Nxe7+ Qxe7 11. Qa4 c5 12. dxc5 ({Schwarz hat gute praktische Ergebnisse nach} 
12. Qxc4 cxd4 13. Qxd4 e5 14. Qh4 Rb8 15. O-O Rb4 16. e4 h6) 12... Qxc5 13. Be3
Qc7 14. Rd1 Bd7 {Ein neuer Zug von Nakamura.} (14... Bb7) (14... Nd5) 15. Qa3
Nd5 16. Bd4 a5 17. Rd2 Nb4 18. O-O Qb7 19. Na4 Bxa4 ({Es drohte} 19... Z0 20.
Bxg7 Kxg7 21. Nc5) 20. Qxa4 Rfc8 21. Rc1 f6 22. f3 Qa6 23. Bf2 Nd5 24. Rdc2 Nb4
25. Rd2 Nd5 26. Rdc2 Nb4 27. Rc3 {Der Chinese lehnt die Einladung zur
Stellungswiederholung ab und spielt weiter. Aber viel Spannung kommt nicht
mehr auf...} h6 28. Kg2 Rab8 29. b3 cxb3 30. Rxc8+ Rxc8 31. Rxc8+ Qxc8 32. Qxb3
Kf7 33. Qa4 Qa6 34. Qd7+ Kg8 35. Qd2 Qc4 36. Qd8+ Kh7 37. Qxa5 Nxa2 38. Qd2 Nb4
39. Qb2 Nc6 40. Qb1+ Kg8 41. Qb7 Ne5 42. Qb8+ Kh7 43. Qb1+ Kg8 44. Qb8+ Kh7 45.
Qb1+ Kg8 1/2-1/2

[Event "Dornbirn op"]
[Site "Dornbirn"]
[Date "1990.??.??"]
[Round "?"]
[White "Horvath, Jozsef"]
[Black "Donev, Ivo Hristov"]
[Result "1-0"]
[WhiteElo "2525"]
[BlackElo "2385"]
[Annotator "ChessBase"]
[PlyCount "99"]
[EventDate "1990.??.??"]
[EventType "swiss"]
[EventRounds "9"]
[EventCountry "AUT"]
[SourceTitle "EXT 1997"]
[Source "ChessBase"]
[SourceDate "1996.11.15"]
[SourceVersion "1"]
[SourceVersionDate "1996.11.15"]
[SourceQuality "1"]

1. d4 d5 2. c4 e6 3. Nc3 Be7 4. Nf3 Nf6 5. g3 O-O 6. Bg2 dxc4 7. Ne5 c5 8. dxc5
Qxd1+ 9. Nxd1 Bxc5 10. O-O Nc6 11. Nxc4 Bd7 12. Nc3 Rfd8 13. Bf4 Be8 14. Rad1
Rxd1 15. Rxd1 Rd8 16. Nd6 Bxd6 17. Bxd6 Na5 18. Bc7 Rxd1+ 19. Nxd1 b6 20. Bb8
Bc6 21. f3 Nd7 22. Bxa7 Bd5 23. Nc3 Nc6 24. Nxd5 Nxa7 (24... exd5 25. Bh3 $1
$16) 25. Nc3 Kf8 26. f4 Ke7 27. Kf2 e5 28. Ke3 exf4+ 29. gxf4 f5 30. Kd4 Kd6
31. Kc4 h6 32. Bh3 g6 33. e4 fxe4 34. Nxe4+ Kc7 35. Bxd7 Kxd7 36. Kd5 Nc6 37.
Nf6+ Kc7 38. Ke6 Nd4+ 39. Kf7 g5 40. fxg5 hxg5 41. Ke7 Nf3 42. Ng4 b5 43. Ke6
Kb6 44. Kd5 Ka5 45. Kc5 Ka4 46. h4 b4 47. Nf2 Nd2 48. Nd3 Nf3 49. Kb6 b3 50. a3
1-0

[Event "Match Kasparov-Andersson +2-0=4"]
[Site "Belgrade"]
[Date "1985.06.19"]
[Round "5"]
[White "Kasparov, Garry"]
[Black "Andersson, Ulf"]
[Result "1-0"]
[WhiteElo "2715"]
[BlackElo "2575"]
[Annotator "ChessBase"]
[PlyCount "99"]
[EventDate "1985.06.13"]
[EventType "match"]
[EventRounds "6"]
[EventCountry "YUG"]
[SourceTitle "MCL"]
[Source "ChessBase"]
[SourceDate "1999.07.01"]
[SourceVersion "1"]
[SourceVersionDate "1999.07.01"]
[SourceQuality "1"]

1. d4 Nf6 2. c4 e6 3. g3 d5 4. Bg2 Be7 5. Nf3 O-O 6. Qc2 dxc4 7. Qxc4 a6 8. Bf4
Bd6 $5 (8... Nd5 9. Nc3 Nxf4 10. gxf4 $14) 9. Ne5 Nd5 10. Nc3 Nxf4 11. gxf4 Nd7
12. e3 (12. O-O Qh4 $1) 12... Qe7 13. O-O Rb8 $6 (13... Nf6 $1) 14. Ne4 Nf6 15.
Nc5 c6 (15... Bxc5 16. Qxc5 Qxc5 17. dxc5 Bd7 18. Rfd1 $16) 16. b4 Kh8 (16...
Bd7 $5 $14 {/\ Rfd8}) 17. a4 Nd5 18. b5 f6 19. Ned3 axb5 (19... e5 20. bxc6
bxc6 21. fxe5 fxe5 22. Ne4 $1 $16) 20. axb5 cxb5 (20... b6 $5 21. Ne4 cxb5 22.
Qxb5 Bd7 23. Qb3 Bc6 24. Rfc1 $14) 21. Qxb5 Rd8 $6 (21... b6 22. Nxe6 $5 Nxe3
$1 (22... Nc3 23. Qb2 $18) 23. fxe3 $1 (23. Nxf8 $6 Nxg2 $1 (23... Nxf1 24. Re1
$1 $18) 24. Kxg2 (24. Rae1 Nxe1 25. Rxe1 Ba6 $1 $17) 24... Bb7+ $44) 23... Bxe6
24. e4 $36) 22. Ra7 Bxc5 (22... e5 $2 23. fxe5 fxe5 24. dxe5 Bxe5 25. Nxe5 Qxe5
26. Rd1 Bg4 27. Nxb7 $3 Nxe3 $1 (27... Bxd1 28. Nxd8 Rxb5 (28... Rxd8 29. Qxd5
$1 $18) 29. Nf7+ $18) 28. Rxd8+ Rxd8 29. Ra8 $3 Bc8 30. Qe2 $1 Qg5 31. fxe3
Bxb7 32. Rxd8+ Qxd8 33. Bxb7 $18) 23. Nxc5 Bd7 24. Nxd7 Rxd7 (24... Qxd7 25.
Rb1 $1 $16) 25. f5 $1 g6 (25... Nc7 26. Qb1) 26. fxe6 Qxe6 27. Rfa1 Kg7 28. Qb3
$1 Nf4 29. Qxe6 Nxe6 30. Rb1 Nd8 31. Bf3 Rc8 32. Ra5 Rcc7 33. Rab5 f5 $2 34. h4
$1 Kf7 35. h5 Kg7 36. Kg2 Re7 37. Rb6 Rf7 38. Bd5 Rfd7 $1 39. R1b5 Re7 (39...
Nf7 40. Be6 $1 Rd6 (40... Re7 41. d5 $18) 41. Bxf7 Rxb6 42. Rxb6 Kxf7 43. hxg6+
hxg6 44. Kf3 $16) 40. Kg3 Red7 41. hxg6 hxg6 42. Kf4 Rc2 (42... Kh6 43. f3 Re7
(43... Nc6 44. Bxc6 bxc6 45. Rc5 Rd6 46. Ke5 $18) 44. Rb1 $1 Kg7 (44... Nc6 45.
Rc1 g5+ 46. Kxf5 Rxe3 47. Kf6 $18) 45. Rg1 Nc6 46. Rg2 $1 Re8 47. Bb3 Rce7 48.
d5 Ne5 49. d6 Nd3+ 50. Kg5 Rxe3 51. Rxb7+ Kf8 52. Rh2 $18) 43. Kg5 $1 Rxf2 44.
Rxg6+ Kf8 45. Bb3 $1 Nf7+ (45... Nc6 46. Kf6 Ne7 47. Rg1 f4 48. Rh5 Rd6+ (48...
fxe3+ 49. Ke6 $18) 49. Be6 fxe3+ 50. Ke5 $18) 46. Kf6 f4 (46... Rb2 47. Be6 $1
Rxb5 48. Bxd7 Rb6+ 49. Be6 Rd6 50. d5 b5 51. Rg7 Nh6 52. Rh7 Ng4+ 53. Kxf5
Nxe3+ 54. Ke5 Rb6 55. d6 Nc4+ 56. Kf6 $18) 47. e4 Rb2 48. e5 f3 49. e6 f2 50.
Bc4 (50. Bc4 f1=Q+ (50... Rxb5 51. Bxb5 Rc7 52. Rg2 Nd6 53. Bd3 Rc3 54. e7+ Ke8
55. Bb5+ $1 Rc6 56. Bxc6+ bxc6 57. Ke6 $18) 51. Bxf1 Rf2+ 52. Rf5 Rxf5+ 53.
Kxf5 Rxd4 54. Rf6 Rd5+ 55. Ke4 Re5+ 56. Kf4 $18) 1-0

[Event "Paris FIDE GP"]
[Site "Elancourt"]
[Date "2013.09.28"]
[Round "6"]
[White "Grischuk, Alexander"]
[Black "Nakamura, Hikaru"]
[Result "1/2-1/2"]
[WhiteElo "2785"]
[BlackElo "2772"]
[Annotator "ChessBase Website"]
[PlyCount "83"]
[EventDate "2013.09.22"]
[EventType "tourn"]
[EventRounds "11"]
[EventCountry "FRA"]
[EventCategory "20"]
[SourceTitle "CBM 157"]
[Source "ChessBase"]
[SourceDate "2013.11.12"]
[SourceVersion "1"]
[SourceVersionDate "2013.11.12"]
[SourceQuality "1"]
[TimeControl "40/7200:20/3600:900+30"]
[WhiteClock "2:00:00"]
[BlackClock "2:00:00"]

1. d4 {[%emt 0:00:14]} d5 {[%emt 0:00:23]} 2. Nf3 {[%emt 0:01:14]} Nf6 {
[%emt 0:00:29]} 3. c4 {[%emt 0:00:33]} e6 {[%emt 0:00:15]} 4. Nc3 {[%emt 0:00:
39]} Be7 {[%emt 0:00:17]} 5. g3 {[%emt 0:05:46]} O-O {[%emt 0:02:10]} 6. Bg2 {
[%emt 0:00:31]} dxc4 {[%emt 0:01:52]} 7. Ne5 {[%emt 0:00:11]} c5 {[%emt 0:07:
53]} 8. dxc5 {[%emt 0:00:30]} Qxd1+ {[%emt 0:01:30]} 9. Nxd1 {[%emt 0:04:48]}
Bxc5 {[%emt 0:00:11]} 10. Ne3 {[%emt 0:22:15]} Nbd7 $146 {[%emt 0:23:20]} (
10... Bb4+ 11. Bd2 Bxd2+ 12. Kxd2 Rd8+ 13. Kc2 {1/2-1/2 (13) Ivanov,M (2492)
-Lechtynsky,J (2420) Teplice 2008}) 11. N5xc4 {[%emt 0:10:38]} Rb8 {[%emt 0:02:
37]} 12. Na5 {[%emt 0:06:02]} Ne5 {[%emt 0:02:32]} 13. Nec4 {[%emt 0:33:11]}
Bb4+ {[%emt 0:15:12]} 14. Bd2 {[%emt 0:03:45]} Bxd2+ {[%emt 0:00:17]} 15. Kxd2
{[%emt 0:07:45]} Rd8+ {[%emt 0:01:06]} 16. Kc3 {[%emt 0:04:15]} Nxc4 {[%emt 0:
00:56]} 17. Kxc4 {[%emt 0:08:47] Grischuk's king was on c4 by move 17, but
that is not as exciting as it sounds as the truth of the position was that
Black had already taken a slight initiative in an endgame that had a
symmetrical pawn structure. Nakamura neutralized Grischuk's Catalan without
problems and another drawn rook endgame was reached.} b6 {[%emt 0:05:05]} 18.
Nc6 {[%emt 0:00:02]} Bb7 {[%emt 0:00:04]} 19. Kb3 {[%emt 0:00:06]} Bxc6 {
[%emt 0:19:44]} 20. Bxc6 {[%emt 0:00:02]} Ng4 {[%emt 0:00:06]} 21. f3 {[%emt 0:
00:09]} Ne3 {[%emt 0:02:43]} 22. Be4 {[%emt 0:00:03]} Nf5 {[%emt 0:00:38]} 23.
Bxf5 {[%emt 0:00:29]} exf5 {[%emt 0:01:04]} 24. Rad1 {[%emt 0:00:48]} Re8 {
[%emt 0:00:09]} 25. Rhe1 {[%emt 0:00:03]} g6 {[%emt 0:02:13]} 26. e4 {[%emt 0:
00:49]} fxe4 {[%emt 0:01:08]} 27. Rxe4 {[%emt 0:00:06]} Rxe4 {[%emt 0:01:51]}
28. fxe4 {[%emt 0:00:01]} Rb7 {[%emt 0:00:10]} 29. Rd4 {[%emt 0:01:23]} Kf8 {
[%emt 0:02:37]} 30. a4 {[%emt 0:00:41]} Ke7 {[%emt 0:00:22]} 31. Kc3 {[%emt 0:
00:14]} h5 {[%emt 0:02:52]} 32. b4 {[%emt 0:00:12]} Ke6 {[%emt 0:03:13]} 33.
Kd3 {[%emt 0:00:46]} a5 {[%emt 0:01:58]} 34. Ke3 {[%emt 0:01:02]} f6 {[%emt 0:
03:20]} 35. h4 {[%emt 0:00:33]} Ra7 {[%emt 0:02:47]} 36. Kf4 {[%emt 0:00:22]}
Ra8 {[%emt 0:03:52]} 37. Rc4 {[%emt 0:00:21]} axb4 {[%emt 0:01:16]} 38. Rxb4 {
[%emt 0:00:03]} Ra6 {[%emt 0:00:06]} 39. Rd4 {[%emt 0:00:26]} Ra5 {[%emt 0:00:
33]} 40. Rb4 {[%emt 0:00:00]} Ra6 {[%emt 0:00:00]} 41. Rd4 {[%emt 0:04:18]} Ra5
{[%emt 0:00:39]} 42. Rb4 {[%emt 0:02:37]} 1/2-1/2

[Event "Moscow Alekhine op"]
[Site "Moscow"]
[Date "1992.??.??"]
[Round "?"]
[White "Ehlvest, Jaan"]
[Black "Tiviakov, Sergei"]
[Result "1/2-1/2"]
[WhiteElo "2635"]
[BlackElo "2585"]
[Annotator "Dautov,R"]
[PlyCount "53"]
[EventDate "1992.10.??"]
[EventType "swiss"]
[EventRounds "9"]
[EventCountry "RUS"]
[SourceTitle "CBM 033"]
[Source "ChessBase"]
[SourceDate "1993.04.01"]
[SourceVersion "1"]
[SourceVersionDate "1993.04.01"]
[SourceQuality "1"]

1. Nf3 Nf6 2. c4 b6 3. d4 e6 4. g3 Be7 5. Bg2 c6 6. O-O d5 7. Nc3 (7. Nbd2 O-O
8. Qc2 Bb7 9. e4 {-E06}) 7... Bb7 (7... O-O 8. Ne5 {-E06} Bb7 9. e4 Na6 10. Bf4
dxc4 11. Nxc4 b5 12. Ne3 $16) 8. b3 (8. Ne5 $142 Nbd7 9. e4 dxe4 (9... O-O $2
10. Nxc6 $1 Bxc6 11. exd5 exd5 12. cxd5 Bb7 13. d6 $18) 10. Nxe4 Nxe5 11. dxe5
Nxe4 12. Bxe4 Qc7 13. Qf3 $14) 8... O-O 9. Ne5 (9. Bb2 $5 Nbd7 10. Rc1 Rc8 11.
Ne5 Nxe5 12. dxe5 Ng4 13. e4 Nxe5 14. exd5 cxd5 15. Nxd5 {Hort-Antoshin,
Luhacovice 1971}) 9... Nbd7 10. Bf4 $6 (10. e4 dxe4 11. Nxe4 Nxe5 12. dxe5 Nxe4
13. Bxe4 Qc7 14. Bb2 c5 $10) (10. Bb2 $5) 10... Nxe5 11. Bxe5 (11. dxe5 $6 Nd7
12. cxd5 cxd5 13. e4 Rc8 $15) 11... Rc8 12. Qd3 (12. e4 Bb4 13. Rc1 Bxc3 14.
Bxf6 Qxf6 15. Rxc3 c5 16. e5 Qe7 17. cxd5 Bxd5 18. Bxd5 exd5 $10) (12. Rc1 Ba6
$1 $132) 12... Nd7 $1 13. Bf4 c5 14. cxd5 cxd4 15. Nb5 $8 (15. dxe6 $6 Nc5 16.
exf7+ Rxf7 $19) (15. d6 $2 Bf6 $17) 15... e5 {/\Nc5} 16. d6 $8 Nc5 17. dxe7
Qxe7 18. Qf5 Bxg2 19. Kxg2 exf4 $10 20. Nxd4 fxg3 21. hxg3 Ne6 22. Nxe6 Qxe6
23. Qxe6 fxe6 24. Rac1 Kf7 25. Kf3 Kf6 26. a4 h5 27. Rh1 1/2-1/2

[Event "EU-ch 4th"]
[Site "Istanbul"]
[Date "2003.05.31"]
[Round "2"]
[White "Krasenkow, Michal"]
[Black "San Segundo Carrillo, Pablo"]
[Result "1-0"]
[WhiteElo "2609"]
[BlackElo "2515"]
[Annotator "Dautov,R"]
[PlyCount "105"]
[EventDate "2003.05.30"]
[EventType "swiss"]
[EventRounds "13"]
[EventCountry "TUR"]
[SourceTitle "CBM 096"]
[Source "ChessBase"]
[SourceDate "2003.09.25"]
[SourceVersion "1"]
[SourceVersionDate "2003.09.25"]
[SourceQuality "1"]

1. Nf3 d5 2. c4 e6 3. d4 Nf6 4. Nc3 Be7 5. Qc2 c5 6. dxc5 Na6 7. g3 {M.
Krasenkow folgt der Partie Kramnik-Short/Novgorod 1996.} dxc4 (7... d4 8. Nb5)
8. Bg2 O-O 9. O-O Qa5 10. Ne4 Nxe4 $146 (10... Nxc5 11. Nxf6+ Bxf6 12. Ng5 Bxg5
13. Bxg5 Na4 14. Bd2 Qb5 15. Rfc1 Qxb2 16. Qxb2 Nxb2 17. a4 Bd7 18. a5 Rad8 19.
Bb4 Rfe8 20. Bxb7 Bb5 21. a6 Na4 22. Rab1 $16 {Kramnik,V-Short,N/Novgorod 1996}
) (10... Nxe4 11. Qxe4 Qxc5 (11... Nxc5 12. Qxc4 $14) 12. Be3 Qd5 13. Ne5 $36)
11. Qxe4 Nxc5 (11... Qxc5 12. Be3 Qd5 13. Ne5 $36 {Kramnik}) (11... Nxc5 12.
Qxc4 $14) 12. Qxc4 {+/= Kramnik} Bd7 13. b4 $1 Qa4 (13... Qa6 14. Qxa6 Nxa6 15.
Ne5 Rad8 16. a3 Bf6 17. Bf4 $14) 14. Bb2 a5 $6 {Danach büßt Schwarz auf
taktische Weise einen Bauern ein. Bessere Chancen auf Ausgleich gewährte
Schwarz 14...Rac8.} (14... Rac8 $5 15. Qd4 Bf6 16. Ne5 Bxe5 17. Qxe5 f6 18. Qd4
e5 19. Qd2 Ne6 $11) 15. Bxg7 $1 Kxg7 16. Qg4+ Kh8 {Zu gefährlich erschien
Schwarz 16...Kh6!?, wonach Weiß bei materiellem Gleichgewicht gute
Angriffschancen bekäme.} (16... Kh6 $5 17. Qh3+ (17. Qf4+ Kg7 18. bxc5 Qxf4 19.
gxf4 Bxc5 20. Ne5 Bb5 $11) 17... Kg7 18. bxc5 Bf6 $5 (18... Bxc5 19. Ne5 $36)
19. Rad1 Bc6 20. Qh5 Qxa2 21. Ng5 $36) 17. Qd4+ $1 Kg8 18. bxc5 Qxd4 19. Nxd4
Bxc5 20. Nb3 Bb4 21. Rfc1 {Trotz des Läuferpaares ist das Endspiel sehr
unerfreulich für Schwarz.} Bb5 (21... Rab8 22. a3 $1 a4 23. axb4 axb3 24. Rcb1
$16) 22. Bxb7 Rab8 23. Bf3 Rfc8 24. Nd4 Ba4 25. Bc6 $1 $16 {Erzwingt das
Endspiel mit Türmen und ungleichfarbigen Läufer.} Ba3 26. Rc4 Bb2 27. Rb1 Bxd4
28. Rxb8 Rxb8 29. Bxa4 {[%mdl 4096]} Rb4 30. Rc8+ Kg7 31. Be8 Rb7 (31... Rb1+
32. Kg2 Rb2 33. Kf3 Rxa2 34. Rc7 $16) 32. a4 Bb6 33. Bb5 Rc7 34. Rb8 Bc5 35.
Kg2 Bd6 36. Ra8 Bb4 37. h4 h6 38. g4 {Solch ein Endspiel ist sehr unangenehm
für den Verteidiger, der meistens tatenlos zusehen muß, wie der Gegner nach
und nach seine Stellung verbessert.} Be1 39. Rd8 Kf6 $2 (39... Bb4 $16) 40. Rg8
$1 Bd2 41. e3 Be1 42. g5+ hxg5 43. h5 $1 {Weiß bildet einen Freibauern.} Ke5
44. Rxg5+ Kf6 45. Rg8 Rc5 46. Kf1 Bb4 47. Be2 Rg5 48. Rb8 Kg7 49. Rb7 Re5 50.
Bf3 Rc5 51. Bg4 Re5 52. Ke2 Re4 $2 (52... Kg8 53. h6 Rg5 54. Bf3 $16) 53. f3 (
53. f3 Re5 54. f4 $18) 1-0

[Event "AUT-chT 9596"]
[Site "Austria"]
[Date "1996.??.??"]
[Round "?"]
[White "Volkmann, Friedrich Karl"]
[Black "Donev, Ivo Hristov"]
[Result "1/2-1/2"]
[WhiteElo "2355"]
[BlackElo "2375"]
[Annotator "Donev,I"]
[PlyCount "45"]
[EventDate "1995.??.??"]
[EventType "team"]
[EventRounds "11"]
[EventCountry "AUT"]
[SourceTitle "CBM 052"]
[Source "ChessBase"]
[SourceDate "1996.06.01"]
[SourceVersion "1"]
[SourceVersionDate "1996.06.01"]
[SourceQuality "1"]

1. d4 d5 2. c4 e6 3. Nf3 Be7 (3... Nf6 4. g3 dxc4 {/\c5}) 4. g3 Nf6 5. Bg2 O-O
6. Qc2 a6 (6... dxc4) 7. Nbd2 dxc4 8. Nxc4 Bd7 (8... b5 9. Na5 (9. Nce5 Bb7)
9... c5 (9... Ra7 $1 10. Nb3 $1 (10. Ne5 Bb4+ 11. Bd2 Bxa5 12. Bxa5 Qxd4)) 10.
Ne5 Qxa5+ 11. Bd2 Qb6 12. Bxa8 cxd4) 9. Nfe5 Bc6 (9... Nc6 10. Nxc6 Bxc6 11.
Bxc6 bxc6 12. Ne5 Qxd4 13. Nxc6 Bb4+ 14. Kf1 $14) 10. Nxc6 Nxc6 11. e3 Nb4 12.
Qd2 (12. Qb3 c5 13. a3 Nbd5 14. dxc5 Bxc5 (14... Nd7 15. c6 Nc5 16. Qc2 b5 17.
Ne5 Qd6 $13) 15. Qxb7) (12. Qe2 c5 13. Bxb7 cxd4 14. Bxa8 d3 $1 $17) 12... c5
13. dxc5 (13. a3 Nbd5 14. dxc5) (13. Bxb7 cxd4 14. Bxa8) 13... Nd3+ 14. Ke2
Nxc5 15. Qxd8 Raxd8 16. Bd2 Nce4 17. Ba5 Rd5 18. Rhc1 Rh5 19. h4 Rc8 20. b3
Rhc5 (20... h6 21. a3 b5) (20... Rf5 21. Bf3 h5) 21. Bb6 R5c6 22. a4 (22. g4
Ba3 23. Rf1 (23. Rc2 Rxb6 24. Nxa3)) 22... h5 (22... Bc5 23. a5 Bxb6 24. axb6)
23. a5 1/2-1/2

[Event "Terres Catalanes"]
[Site "Manresa"]
[Date "1996.??.??"]
[Round "3"]
[White "Cifuentes Parada, Roberto"]
[Black "Garcia Ilundain, David"]
[Result "1-0"]
[WhiteElo "2500"]
[BlackElo "2520"]
[Annotator "Ernst,T"]
[PlyCount "39"]
[EventDate "1996.09.??"]
[EventType "tourn"]
[EventRounds "9"]
[EventCountry "ESP"]
[EventCategory "9"]
[SourceTitle "CBM 056"]
[Source "ChessBase"]
[SourceDate "1997.02.01"]
[SourceVersion "1"]
[SourceVersionDate "1997.02.01"]
[SourceQuality "1"]

1. d4 Nf6 2. c4 e6 3. g3 Bb4+ 4. Bd2 Be7 5. Bg2 d5 6. Nf3 O-O 7. O-O c6 8. Qc2
b6 9. b3 Bb7 10. Rd1 (10. Nc3 Nbd7 11. Rad1 Rc8 12. e4 Ba6 13. Rfe1 dxc4 14.
Bg5 cxb3 15. axb3 Bb7 16. e5 Nd5 17. Ne4 Rc7 18. Bxe7 Qxe7 19. Nd6 Ba8 20. h4
h6 21. Nd2 Nb4 22. Qc3 a5 23. N2c4 Nd5 24. Qd2 c5 25. f4 cxd4 26. Qxd4 Nc5 27.
f5 Nxb3 28. f6 Qd7 29. Qg4 g6 30. Bxd5 Bxd5 31. Rxd5 exd5 32. e6 Qc6 33. exf7+
Kh7 34. h5 {1-0 Basin,L-Janjgava,L/URS-OT56 Uzhgorod 1988}) 10... Na6 (10...
Nbd7 11. Nc3 Rc8 12. e4 dxe4 13. Ne5 c5 14. Bf4 (14. Nxd7 Qxd7 15. dxc5 bxc5 {
1/2-1/2 Romero Holmes,A-Nogueiras,J/Tarrassa 1990}) 14... cxd4 15. Rxd4 Bc5 16.
Rxd7 Nxd7 17. Rd1 Rc7 18. Nb5 Qe7 19. Nxc7 Nxe5 20. Bxe5 f6 21. Bd4 Qxc7 22.
Bxc5 bxc5 23. Bxe4 {1-0 Palatnik,S-Rashkovsky,N/Palma de Mallorca GMA 1989 (35)
}) 11. Nc3 Rc8 12. Bf4 (12. e4 Nd7 13. Bf4 Nc7 14. Rac1 b5 15. Qe2 bxc4 16.
bxc4 Ba6 {Von Allmen,A-Atlas,V/Winterthur-B 1996/0-1 (100)}) 12... c5 $6 (12...
Nh5 $5 13. Bc1 f5) (12... Nc7 $5) 13. cxd5 Nxd5 (13... cxd4 $142 14. Nxd4 Nxd5
(14... Nb4)) 14. Nxd5 Bxd5 15. e4 cxd4 (15... Bb7 16. Qe2) 16. Qe2 Bb7 (16...
d3 17. Rxd3 Nc5 18. Rd4 Nxe4 19. Rxe4 Bxe4 20. Qxe4 $16) 17. Nxd4 Qe8 18. Nb5
$1 (18. e5 $6 Bxg2 19. Qxa6 Bd5 20. Qxa7 $14) 18... f6 (18... Nb4 19. Nd6 $18 (
19. Nxa7 Ra8 20. Nb5 Rxa2 21. Rxa2 Nxa2 22. Rd6 $5 $16)) 19. Nxa7 (19. Nd6 Bxd6
20. Bxd6 Rf7) 19... Ra8 20. Nb5 $18 1-0